000
00378nam a2200181Ia 4500
005
20251020182553.0
008
200515s9999 xx 000 0 und d
082
_a
R/65.021/N82
100
_a
NORTON, Peter
245
0
_a
Discos duros
260
_a
Madrid
260
_c
1990
300
_a
459
650
_a
DISCOS
650
_a
INFORMATICA
650
_a
LIB
942
_c
LIB
999
_c
2788
_d
2788